| 000 | 00596nam a22001817a 4500 | ||
|---|---|---|---|
| 003 | OSt | ||
| 005 | 20210111091914.0 | ||
| 008 | 210111b ||||| |||| 00| 0 spa d | ||
| 040 |
_aDO-SdBNP _bspa _cBNPHU |
||
| 082 | _bU58m | ||
| 110 |
_aUniversidad Autònoma de Santo Domingo. _bFacultad de Ciencias de la Salud. Escuela de medicina _977655 |
||
| 245 | _aManual de prà ctica de ginecobstetricia (med-251) | ||
| 260 |
_aSanto Domingo : _bEditora Universitaria, _c2010 |
||
| 300 |
_a53 p. : _bil. ; _c22 cm |
||
| 590 | _aInventariado, 2021 | ||
| 910 | _aInventariado, 2021 / DG | ||
| 942 |
_2ddc _cLBS1 |
||
| 999 |
_c49302 _d49302 |
||